La mode et son vocabulaire : quelques termes de la mode fémenine au moyen âge suivis dans leur évolution sémantique / quelques termes de la mode fémenine au moyen âge suivis dans leur évolution sémantique /
Descripción Física:
189 pàg. ; 24 cm
Materias:
Fons Joan Junyer i Pascual (1909-1994)
Idioma:
French
MARC
| LEADER | 00000nam a22000007a 4500 | ||
|---|---|---|---|
| 001 | 24773 | ||
| 003 | AGDB | ||
| 005 | 20260324181535.0 | ||
| 008 | 251009b sw ||||| |||| 00| 0 fre d | ||
| 041 | |a fre | ||
| 100 | |a Rodhe Lundquist, Eva, |d 1908-2010 |9 72432 | ||
| 245 | |a La mode et son vocabulaire : |b quelques termes de la mode fémenine au moyen âge suivis dans leur évolution sémantique / |c par Eva Rodhe Lundquist | ||
| 260 | |a Göteborg : |b Wettergren & Kerber , |c [1950] | ||
| 300 | |a 189 pàg. ; |c 24 cm | ||
| 500 | |a Prové del fons Joan Junyer i Pascual (1909-1994) | ||
| 500 | |a Inclou dedicatòria manuscrita | ||
| 501 | |a Inclou 3 pàgines soltes mecanografiades i 3 duplicats d'aquestes, en paper de ceba | ||
| 504 | |a Inclou bibliografia | ||
| 650 | |a Fons Joan Junyer i Pascual (1909-1994) |9 72777 | ||
| 942 | |2 udc |c ARXIU |n 1 | ||
| 952 | |0 0 |1 0 |4 0 |6 F50432 |7 1 |9 98418 |a Arxiu |b Arxiu |d 2025-10-09 |l 0 |o F-504-32 |p 24773 |r 2025-10-09 11:55:21 |w 2025-10-09 |y ARXIU | ||
| 999 | |c 130172 |d 130172 | ||